00298nam a2200121Ia 4500100002100000650002500021366000700046245006200053260003300115082000800148300000800156546001200164 aWinston/Wayne L  aMicrosoft excel 2016 f25 aMicrosoft Excel 2016: Data Analysis and Business Modeling bNew Age Int (P) Ltdc2016 bWIN a836 aENGLISH